Oasis Quiz (Hard) - Statistics

General Stats
  • This quiz has been taken 91 times
  • The average score is 4 of 15
Answer Stats
Hint Answer % Correct
Can liam and noel drive No
90%
Original name of the band The Rain
74%
First #1 Single Some Might Say
62%
Song liam wrote Little james
41%
Year the helter skelter cover was recorded 1996
38%
Part of manchester the group is from Burnage
37%
Only surviving song from monnow valley on Definitely Maybes OG Release Slide Away
23%
Setting of the infamous meth gig Whiskey a go go
22%
B-Side noel was sued over Step out
18%
Inspiration for 4th album name 2 Pound Coin
10%
Times (It's Good) To be free was played live 30
2%
Name of Tony McCarrolls book The Truth
2%
Who lived in liams loft Mr ben and mr clean
1%
Person Bonehead pretended to be when calling john squire An indian man
0%
Who is melissa lim? Person who convinced noel to rejoin oasis
0%
No matching quizzes found
Score Distribution
Percent of People with Each Score
Percentile by Number Answered
Your Score History
You have not taken this quiz